| 000 | 01251nam2a2200301 4500 | ||
|---|---|---|---|
| 001 | rc\2655111 | ||
| 005 | 20260315043353.0 | ||
| 035 | _a(NLR Aleph) 006962411 | ||
| 090 |
_a13564475 _c13564475 |
||
| 100 | _a20110614d1928 u y0rusy50 ca | ||
| 101 | 0 | _arus | |
| 102 | _aRU | ||
| 105 | _ay z ||||| | ||
| 200 | 1 | _aСедьмой спутник [и др.] повести | |
| 210 | _d[1928] | ||
| 215 | _a[2], 306 с. | ||
| 300 | _aОбл.: У. | ||
| 327 | 1 | _aСодерж.: Седьмой спутник.- Таласса.- Мир в стеклышке | |
| 461 | 0 |
_1001rc\2655110 _12001#$aСобрание сочинений$vКн. 1-я _1700#1$aЛавренев$bБ. А.$gБорис Андреевич$f1891-1959$3RU\NLR\AUTH\7731140 _95357788 _aЛавренев, Б. А. (1891-1959) _c[Харьков] _d[1928]-1930 _nПролетарий _tСобрание сочинений _vКн. 1-я |
|
| 464 | 0 |
_12001#$aСедьмой спутник _tСедьмой спутник |
|
| 464 | 0 |
_12001#$aТаласса _tТаласса |
|
| 464 | 0 |
_12001#$aМир в стеклышке _tМир в стеклышке |
|
| 702 | 0 |
_aУ. _4340 |
|
| 801 | 0 |
_aRU _bNLR _gpsbo |
|
| 801 | 1 |
_aRU _bELAR _2rusmarc |
|
| 852 |
_aNLR _j57/1(1) |
||
| 942 | _cUNSPEC | ||
| 980 | _aNB | ||